[Event "Goiania Barbosa Nunes Cup 1st"]
[Site "Goiania"]
[Date "2021.10.16"]
[Round "4"]
[White "De Paiva Filho, Luiz Americo"]
[Black "Colivet Gamboa, Julio Cesar"]
[Result "1/2-1/2"]
[WhiteElo "1941"]
[BlackElo "1784"]
[PlyCount "75"]
[EventDate "2021.10.15"]
[EventType "swiss"]
[EventRounds "6"]
[EventCountry "BRA"]
[SourceTitle "EXT 2023"]
[Source "ChessBase"]
[SourceDate "2022.10.05"]
[SourceVersion "1"]
[SourceVersionDate "2022.10.05"]
[SourceQuality "1"]

1. Nf3 c5 2. b3 Nc6 3. Bb2 d6 4. e3 e5 5. d3 g6 6. Be2 Bg7 7. 0-0 Nge7 8. Nbd2 0-0 9. h3 h6 10. c4 Be6 11. Ne4 f5 12. Nc3 Qd7 13. Qc2 f4 14. e4 g5 15. Nd5 Ng6 16. Nh2 Nh4 17. Rfe1 f3 18. Nxf3 Nxf3+ 19. Bxf3 Bxh3 20. Re3 Be6 21. Bh5 Nd4 22. Bxd4 exd4 23. Rf3 Rxf3 24. Bxf3 g4 25. Be2 Rf8 26. Rf1 Be5 27. f4 gxf3 28. Rxf3 Rxf3 29. Bxf3 Qd8 30. Qd2 Qh4 31. Kf1 Bg3 32. Ke2 Bxd5 33. exd5 Bf2 34. Qa5 Be3 35. Qe1 Qg5 36. Kd1 b6 37. Kc2 Kg7 38. Qe2 1/2-1/2

[Event "Goiania Barbosa Nunes Cup 1st"]
[Site "Goiania"]
[Date "2021.10.16"]
[Round "5"]
[White "Xavier, Matheus Henrique Lo"]
[Black "De Paiva Filho, Luiz Americo"]
[Result "0-1"]
[WhiteElo "1789"]
[BlackElo "1941"]
[PlyCount "70"]
[EventDate "2021.10.15"]
[EventType "swiss"]
[EventRounds "6"]
[EventCountry "BRA"]
[SourceTitle "EXT 2023"]
[Source "ChessBase"]
[SourceDate "2022.10.05"]
[SourceVersion "1"]
[SourceVersionDate "2022.10.05"]
[SourceQuality "1"]

1. e4 c5 2. Nf3 e6 3. d4 cxd4 4. Nxd4 Nc6 5. Nc3 Qc7 6. Be3 Nf6 7. f4 Nxd4 8. Qxd4 Ng4 9. Bd2 Rg8 10. Nb5 Qc6 11. Nxa7 Rxa7 12. Qxa7 Bc5 13. Qa5 Nf2 14. Qc3 Nxh1 15. Be3 b6 16. Bxc5 bxc5 17. Qe3 Bb7 18. Be2 Qxe4 19. Qxe4 Bxe4 20. Bf3 Bxf3 21. gxf3 g5 22. Ke2 gxf4 23. Rxh1 Rg2+ 24. Kd3 Rf2 25. a4 d5 26. a5 Rxf3+ 27. Ke2 Re3+ 28. Kd2 Kd7 29. Rg1 Re4 30. Rg7 Ke7 31. Rxh7 Ra4 32. Rh4 e5 33. Rh5 Ke6 34. Rh3 Rxa5 35. Ra3 Rb5 0-1

[Event "Goiania Barbosa Nunes Cup 1st"]
[Site "Goiania"]
[Date "2021.10.15"]
[Round "2"]
[White "De Paiva Filho, Luiz Americo"]
[Black "Arruda Filho, Ivo Pereira de"]
[Result "1-0"]
[WhiteElo "1941"]
[BlackElo "1718"]
[PlyCount "79"]
[EventDate "2021.10.15"]
[EventType "swiss"]
[EventRounds "6"]
[EventCountry "BRA"]
[SourceTitle "EXT 2023"]
[Source "ChessBase"]
[SourceDate "2022.10.05"]
[SourceVersion "1"]
[SourceVersionDate "2022.10.05"]
[SourceQuality "1"]

1. d4 c6 2. c4 Nf6 3. Nf3 d6 4. Qc2 g6 5. Nc3 Bg7 6. e4 Nbd7 7. Be2 e5 8. dxe5 dxe5 9. 0-0 0-0 10. b4 Re8 11. h3 Qc7 12. Be3 Nh5 13. g3 Nf8 14. Kg2 Ne6 15. Rad1 Rd8 16. Rxd8+ Qxd8 17. Rd1 Qe7 18. Qb1 b6 19. Nh2 Ng5 20. Bg4 h6 21. c5 b5 22. Rd6 a5 23. bxa5 Nf6 24. Bxc8 Rxc8 25. Qb4 Ne8 26. Rd2 Nc7 27. Qb3 Nge6 28. Qd1 Nd4 29. Ng4 Nce6 30. Nxh6+ Kh7 31. Ng4 b4 32. Ne2 Nxe2 33. Qxe2 Nd4 34. Qc4 f5 35. exf5 gxf5 36. Bxd4 fxg4 37. Be3 gxh3+ 38. Kxh3 e4 39. Qe2 Qf7 40. Qg4 1-0

[Event "Goiania FEXEG Cup"]
[Site "Goiania"]
[Date "2020.02.15"]
[Round "2"]
[White "Andreata, Mauro Antonio"]
[Black "De Paiva Filho, Luiz Americo"]
[Result "0-1"]
[WhiteElo "1698"]
[BlackElo "1940"]
[PlyCount "140"]
[EventDate "2020.02.14"]
[EventType "swiss"]
[EventRounds "5"]
[EventCountry "BRA"]
[SourceTitle "CBM 195 Extra"]
[Source "ChessBase"]
[SourceDate "2020.05.31"]
[SourceVersion "1"]
[SourceVersionDate "2020.05.31"]
[SourceQuality "1"]

1. d4 Nf6 2. c4 g6 3. Nf3 Bg7 4. Nc3 d5 5. Bg5 c6 6. e3 0-0 7. Bd3 Be6 8. c5 b6 9. cxb6 axb6 10. 0-0 Nbd7 11. Qe2 c5 12. Rfd1 c4 13. Bc2 Ra5 14. a4 Re8 15. Rdb1 h6 16. Bh4 g5 17. Bg3 Bg4 18. h3 Bh5 19. b4 Ra8 20. Qd2 Bxf3 21. gxf3 e5 22. Nb5 Re7 23. a5 Ra6 24. Nd6 exd4 25. exd4 Nh5 26. Nf5 Re6 27. Nxg7 Kxg7 28. Re1 Rxe1+ 29. Qxe1 Qf6 30. Qe3 Nxg3 31. fxg3 Qe6 32. Qxe6 fxe6 33. Ba4 Nf6 34. Bb5 Ra7 35. a6 Kf7 36. Bc6 Ke7 37. Bb7 Ne8 38. Re1 Nc7 39. Kf2 Kd7 40. Ra1 Nb5 41. Ke3 Nd6 42. Rh1 Nf5+ 43. Kd2 Nxd4 44. f4 gxf4 45. gxf4 Ke7 46. Rf1 Kf6 47. Rf2 Nf5 48. Kc3 Nd6 49. Re2 Nxb7 50. axb7 Rxb7 51. Re5 Rg7 52. Rh5 Rg3+ 53. Kc2 Rb3 54. Rxh6+ Kf5 55. h4 Rxb4 56. h5 Rb3 57. Rh8 Kxf4 58. h6 Rh3 59. h7 Ke5 60. Kd2 c3+ 61. Kc2 Kd4 62. Re8 Rxh7 63. Rxe6 Rh2+ 64. Kc1 Kd3 65. Re1 b5 66. Rd1+ Kc4 67. Rg1 b4 68. Rg4+ d4 69. Rg1 b3 70. Rf1 Ra2 0-1

[Event "Goiania Regional-ch U2000"]
[Site "Goiania"]
[Date "2018.12.08"]
[Round "7"]
[White "De Paiva Filho, Luiz Americo"]
[Black "Santos, Abel Cardoso Dos"]
[Result "1-0"]
[WhiteElo "1954"]
[BlackElo "1748"]
[PlyCount "83"]
[EventDate "2018.12.01"]
[EventType "tourn"]
[EventRounds "9"]
[EventCountry "BRA"]
[SourceTitle "CBM 190 Extra"]
[Source "ChessBase"]
[SourceDate "2019.07.15"]
[SourceVersion "1"]
[SourceVersionDate "2019.07.15"]
[SourceQuality "1"]

1. c4 Nf6 2. Nc3 g6 3. g3 Bg7 4. Bg2 d6 5. d4 c6 6. Nh3 Nbd7 7. e4 e5 8. d5 Nc5 9. Qe2 a5 10. f3 cxd5 11. Nxd5 Nxd5 12. cxd5 0-0 13. Be3 b6 14. Qd2 Ba6 15. Bf1 Bxf1 16. Kxf1 Qd7 17. Kg2 a4 18. Rac1 Rfc8 19. Rc2 h5 20. Nf2 Rcb8 21. Rhc1 Ra7 22. Qb4 Ne6 23. Qa3 Nc5 24. Qb4 Na6 25. Qd2 Nc5 26. Nd3 Qb5 27. Nb4 Rab7 28. Nc6 Ra8 29. Rc4 Kf8 30. Rb4 Qa6 31. Rc3 Rd7 32. Qc2 Kg8 33. Ra3 Qb7 34. Bxc5 dxc5 35. Rbxa4 Rxa4 36. Qxa4 Kh7 37. Qa7 Qxa7 38. Rxa7 Rxa7 39. Nxa7 Bf6 40. d6 c4 41. d7 Bd8 42. a4 1-0

[Event "Goiania Regional-ch U2000"]
[Site "Goiania"]
[Date "2018.12.07"]
[Round "5"]
[White "De Paiva Filho, Luiz Americo"]
[Black "Franca, Jairo"]
[Result "1-0"]
[WhiteElo "1954"]
[BlackElo "1549"]
[PlyCount "77"]
[EventDate "2018.12.01"]
[EventType "tourn"]
[EventRounds "9"]
[EventCountry "BRA"]
[SourceTitle "CBM 190 Extra"]
[Source "ChessBase"]
[SourceDate "2019.07.15"]
[SourceVersion "1"]
[SourceVersionDate "2019.07.15"]
[SourceQuality "1"]

1. c4 g6 2. Nc3 c6 3. e4 Bg7 4. g3 d6 5. Bg2 Nf6 6. Nge2 e5 7. 0-0 0-0 8. Rb1 b6 9. b4 Nbd7 10. d3 Bb7 11. Qb3 Qc7 12. h3 a5 13. bxa5 Rxa5 14. Be3 Ra6 15. Rfc1 Rfa8 16. Rb2 Nc5 17. Qc2 Nfd7 18. g4 Ne6 19. Qb1 Nd4 20. Ng3 Bc8 21. Rf1 Qd8 22. Qc1 Nc5 23. Qd2 Qh4 24. Bg5 Nf3+ 25. Bxf3 Qxh3 26. Qe2 h6 27. Be3 Nd7 28. Rfb1 Rb8 29. a4 Nc5 30. Bxc5 dxc5 31. a5 Rxa5 32. Rxb6 Rxb6 33. Rxb6 Ra1+ 34. Nd1 Bd7 35. Rb7 Be8 36. Rb8 Kf8 37. Qb2 Qh4 38. Qxa1 Qe7 39. Qa8 1-0

[Event "Goiania Regional-ch U2000"]
[Site "Goiania"]
[Date "2018.12.02"]
[Round "3"]
[White "Raggiotto, Mauro Cezar"]
[Black "De Paiva Filho, Luiz Americo"]
[Result "0-1"]
[WhiteElo "1473"]
[BlackElo "1954"]
[PlyCount "44"]
[EventDate "2018.12.01"]
[EventType "tourn"]
[EventRounds "9"]
[EventCountry "BRA"]
[SourceTitle "CBM 190 Extra"]
[Source "ChessBase"]
[SourceDate "2019.07.15"]
[SourceVersion "1"]
[SourceVersionDate "2019.07.15"]
[SourceQuality "1"]

1. d4 Nf6 2. Nf3 g6 3. Bf4 c5 4. e3 Qb6 5. b3 Bg7 6. Nc3 cxd4 7. exd4 d6 8. Bc4 Bg4 9. h3 Bxf3 10. gxf3 Nbd7 11. Qd2 Rc8 12. Na4 Qc6 13. Qd3 a6 14. d5 Qc7 15. Nc3 b5 16. Bxb5 axb5 17. Nxb5 Qxc2 18. Qxc2 Rxc2 19. 0-0 Nxd5 20. Nxd6+ exd6 21. Rae1+ Ne5 22. Rd1 Nxf3+ 0-1

[Event "Trindade op"]
[Site "Trindade"]
[Date "2018.09.02"]
[Round "6"]
[White "Silva, Gustavo Queiroz Dos"]
[Black "De Paiva Filho, Luiz Americo"]
[Result "1/2-1/2"]
[WhiteElo "2037"]
[BlackElo "1963"]
[PlyCount "117"]
[EventDate "2018.08.31"]
[EventType "swiss"]
[EventRounds "6"]
[EventCountry "BRA"]
[SourceTitle "CBM 187 Extra"]
[Source "ChessBase"]
[SourceDate "2018.11.04"]
[SourceVersion "1"]
[SourceVersionDate "2018.11.04"]
[SourceQuality "1"]

1. e4 e6 2. d4 d5 3. exd5 exd5 4. c4 Nf6 5. Nc3 Be7 6. Bd3 dxc4 7. Bxc4 0-0 8. Nge2 Bf5 9. 0-0 Nbd7 10. f3 Nb6 11. Bd3 Bxd3 12. Qxd3 Nbd5 13. Bg5 h6 14. Bh4 Re8 15. Rac1 Qd7 16. Bf2 Bd6 17. a3 Re6 18. Ne4 Rae8 19. Nxf6+ Rxf6 20. Nc3 Nf4 21. Qc2 Rg6 22. Bg3 Nh5 23. Ne4 Bxg3 24. hxg3 Qxd4+ 25. Qf2 Qxf2+ 26. Rxf2 f5 27. Rc5 fxe4 28. Rxh5 e3 29. Re2 Rxg3 30. Rc5 Re7 31. Rc3 Rg6 32. Rexe3 Rxe3 33. Rxe3 Kf7 34. Kf2 Re6 35. Rc3 c6 36. f4 Ke7 37. g4 Rd6 38. Kf3 b6 39. f5 Kf6 40. Re3 c5 41. Re8 Rd7 42. Re6+ Kf7 43. Rc6 Rd2 44. Rc7+ Kg8 45. Ke4 a5 46. f6 gxf6 47. Kf5 Rxb2 48. Kxf6 Rf2+ 49. Kg6 Kf8 50. Kxh6 Rf6+ 51. Kg5 Rf7 52. Rc6 Rb7 53. Kf6 Rb8 54. g5 b5 55. Rxc5 b4 56. axb4 axb4 57. Rc2 b3 58. Rb2 Rb6+ 59. Ke5 1/2-1/2

[Event "Goiania FEXEG Cup"]
[Site "Goiania"]
[Date "2018.05.20"]
[Round "6"]
[White "De Paiva Filho, Luiz Americo"]
[Black "Diamant, Andre"]
[Result "0-1"]
[WhiteElo "1909"]
[BlackElo "2523"]
[PlyCount "138"]
[EventDate "2018.05.18"]
[EventType "swiss"]
[EventRounds "6"]
[EventCountry "BRA"]
[SourceTitle "CBM 184 Extra"]
[Source "ChessBase"]
[SourceDate "2018.06.28"]
[SourceVersion "1"]
[SourceVersionDate "2018.06.28"]
[SourceQuality "1"]

1. d4 Nf6 2. c4 e6 3. Nf3 b6 4. g3 Bb7 5. Bg2 g6 6. 0-0 Bg7 7. Nc3 Ne4 8. Nxe4 Bxe4 9. Bg5 Qc8 10. Rc1 h6 11. Be3 d6 12. Ne1 Bxg2 13. Kxg2 0-0 14. Qd2 Kh7 15. f3 Nd7 16. Bf2 f5 17. Nd3 Qe8 18. e4 fxe4 19. fxe4 e5 20. d5 a5 21. Bg1 Nf6 22. Qe2 Qd7 23. h3 Rf7 24. b3 h5 25. Ne1 Bh6 26. Be3 Raf8 27. Bxh6 Kxh6 28. Qe3+ Kg7 29. Nf3 Nh7 30. Nh2 Rxf1 31. Rxf1 Rxf1 32. Nxf1 Qe7 33. Nd2 Qf6 34. h4 g5 35. Nf3 g4 36. Nd2 Qg6 37. Kg1 Nf6 38. Kg2 Kf7 39. Kg1 Ke7 40. Kg2 Nd7 41. Nb1 Nc5 42. Nc3 Kd7 43. Kg1 Na6 44. a3 Nc5 45. b4 axb4 46. axb4 Na6 47. Na2 Kc8 48. Kg2 Kb7 49. Kg1 Qe8 50. Qb3 Qf8 51. Qe3 Qe8 52. Qb3 c5 53. dxc6+ Qxc6 54. Nc3 Nc7 55. Nd5 b5 56. cxb5 Qc1+ 57. Kf2 Qd2+ 58. Kf1 Nxd5 59. exd5 Qc1+ 60. Kg2 Qd2+ 61. Kf1 Qd4 62. Kg2 Kb6 63. Qa2 Kxb5 64. Qa5+ Kc4 65. Qa6+ Kxd5 66. b5 Qd2+ 67. Kg1 Qe3+ 68. Kh2 Qf2+ 69. Kh1 Qf1+ 0-1

[Event "Goiania FEXEG Cup"]
[Site "Goiania"]
[Date "2018.05.18"]
[Round "2"]
[White "De Paiva Filho, Luiz Americo"]
[Black "Mourao, Igor AC Lofredo"]
[Result "1-0"]
[WhiteElo "1909"]
[BlackElo "2088"]
[PlyCount "171"]
[EventDate "2018.05.18"]
[EventType "swiss"]
[EventRounds "6"]
[EventCountry "BRA"]
[SourceTitle "CBM 184 Extra"]
[Source "ChessBase"]
[SourceDate "2018.06.28"]
[SourceVersion "1"]
[SourceVersionDate "2018.06.28"]
[SourceQuality "1"]

1. d4 d5 2. c4 dxc4 3. Nc3 Nf6 4. e4 e5 5. Nf3 Bb4 6. Nxe5 Bxc3+ 7. bxc3 Nxe4 8. Qf3 Nd6 9. Bxc4 0-0 10. Bb3 Nd7 11. Ba3 Nf6 12. 0-0 a5 13. Rfe1 a4 14. Bc2 Be6 15. c4 c6 16. Rad1 Re8 17. Qd3 Bf5 18. Qc3 Bxc2 19. Qxc2 Qc7 20. Re3 Rad8 21. Bb2 Nd7 22. Qxa4 Nf5 23. Red3 Nf8 24. Qc2 f6 25. Nf3 Ng6 26. g3 Nh6 27. Qd2 Re4 28. Re1 Rxe1+ 29. Qxe1 Qf7 30. Qc3 Qd7 31. d5 Qf5 32. d6 Nf7 33. c5 h5 34. Qc4 h4 35. g4 Qf4 36. Qxf4 Nxf4 37. Rb3 Rd7 38. Nxh4 Ne6 39. Ba3 Ne5 40. h3 Nc4 41. Bb4 b6 42. cxb6 Nxb6 43. Nf5 Nd5 44. Ne7+ Kf7 45. Nxc6 Nxb4 46. Nxb4 Rxd6 47. Rd3 Rb6 48. a3 Nf4 49. Rd7+ Kg6 50. Kh2 Re6 51. Rd2 Kf7 52. a4 Re4 53. Rb2 Re5 54. Ra2 Ra5 55. Nc6 Ra6 56. Nd4 g5 57. a5 Ke7 58. Rc2 Kd6 59. Nb3 Ra8 60. Rc4 Rh8 61. Rc3 Ra8 62. Re3 Nd5 63. Rd3 Kc6 64. Nd4+ Kc5 65. Ne6+ Kd6 66. Rxd5+ Kxe6 67. Rb5 Kf7 68. Kg3 Rc8 69. a6 Rc3+ 70. Kg2 Ra3 71. Rb7+ Kg6 72. a7 Ra2 73. Kg3 Ra3+ 74. f3 Ra1 75. h4 gxh4+ 76. Kxh4 Rh1+ 77. Kg3 Ra1 78. Kf4 Ra4+ 79. Ke3 Ra3+ 80. Ke4 Ra4+ 81. Kd5 Kg5 82. Kc5 Ra1 83. Kb6 Kf4 84. Rf7 Ke5 85. Rf8 Rb1+ 86. Kc5 1-0

[Event "Goiania zt"]
[Site "Goiania"]
[Date "2017.08.20"]
[Round "5"]
[White "De Paiva Filho, Luiz Americo"]
[Black "Franca, Jairo"]
[Result "0-1"]
[WhiteElo "1938"]
[BlackElo "1624"]
[PlyCount "80"]
[EventDate "2017.08.18"]
[EventType "swiss"]
[EventRounds "6"]
[EventCountry "BRA"]
[SourceTitle "CBM 180 Extra"]
[Source "ChessBase"]
[SourceDate "2017.10.06"]
[SourceVersion "1"]
[SourceVersionDate "2017.10.06"]
[SourceQuality "1"]

1. c4 e5 2. Nf3 Nc6 3. Nc3 Nf6 4. e4 d6 5. Be2 Be7 6. d4 exd4 7. Nxd4 Bd7 8. 0-0 0-0 9. f4 Re8 10. Qd3 Nb4 11. Qb1 c5 12. Nf5 Bxf5 13. exf5 Qc7 14. Bd2 Nc6 15. Bf3 Nd4 16. Qd3 Nxf3+ 17. Rxf3 Bf8 18. Re1 Rxe1+ 19. Bxe1 Re8 20. Bh4 Be7 21. h3 Bd8 22. Nb5 Qa5 23. Nxd6 Re1+ 24. Bxe1 Qxe1+ 25. Kh2 Qe7 26. Nxb7 Bc7 27. g3 Qe1 28. a3 h5 29. Qe3 Qb1 30. Rf2 h4 31. g4 Ne4 32. Nxc5 Ng3 33. Qf3 Bxf4 34. Nd3 Be3 35. Qa8+ Kh7 36. Qg2 Qxd3 37. Rf3 Qd4 38. Qc2 Qe5 39. Kg2 f6 40. b4 Qa1 0-1

[Event "Goiania zt"]
[Site "Goiania"]
[Date "2017.08.18"]
[Round "1"]
[White "De Paiva Filho, Luiz Americo"]
[Black "Campos, Otavio Moraes"]
[Result "0-1"]
[WhiteElo "1938"]
[BlackElo "1722"]
[PlyCount "68"]
[EventDate "2017.08.18"]
[EventType "swiss"]
[EventRounds "6"]
[EventCountry "BRA"]
[SourceTitle "CBM 180 Extra"]
[Source "ChessBase"]
[SourceDate "2017.10.06"]
[SourceVersion "1"]
[SourceVersionDate "2017.10.06"]
[SourceQuality "1"]

1. c4 c5 2. Nc3 Nc6 3. Nf3 g6 4. d4 cxd4 5. Nxd4 Nxd4 6. Qxd4 Nf6 7. Bf4 d6 8. Bg3 Bg7 9. e4 0-0 10. Be2 Be6 11. 0-0 Nd5 12. Qd2 Nxc3 13. bxc3 Rc8 14. Rab1 b6 15. Rb4 Rc5 16. Rc1 Qc7 17. Bh4 Rc8 18. Qd3 Kf8 19. f4 Bxc4 20. Rxc4 Rxc4 21. Qxc4 Qxc4 22. Bxc4 Rxc4 23. Re1 Rxc3 24. Kf2 Bd4+ 25. Ke2 Ra3 26. Rc1 Rxa2+ 27. Kf3 Bc5 28. Rd1 a5 29. e5 a4 30. exd6 Bxd6 31. Rd5 a3 32. Bf2 Rb2 33. Bd4 Rb1 34. h4 a2 0-1

[Event "Goiania-ch"]
[Site "Goiania"]
[Date "2016.12.03"]
[Round "6"]
[White "Bocca, Edson Ricardo"]
[Black "De Paiva Filho, Luiz Americo"]
[Result "1/2-1/2"]
[WhiteElo "1640"]
[BlackElo "1971"]
[PlyCount "112"]
[EventDate "2016.11.26"]
[EventType "tourn"]
[EventRounds "9"]
[EventCountry "BRA"]
[SourceTitle "EXT 2018"]
[Source "ChessBase"]
[SourceDate "2017.10.13"]
[SourceVersion "1"]
[SourceVersionDate "2017.10.13"]
[SourceQuality "1"]

1. e4 e6 2. Nf3 c5 3. Bc4 Qc7 4. a3 Nf6 5. Nc3 a6 6. a4 Nxe4 7. Nxe4 d5 8. Bxd5 exd5 9. Ng3 Be7 10. 0-0 Nc6 11. d3 0-0 12. Bd2 Bf6 13. c3 Re8 14. Re1 Bd7 15. Bg5 Bxg5 16. Nxg5 Rxe1+ 17. Qxe1 Qf4 18. Nf3 Re8 19. Qd2 Qxd2 20. Nxd2 Ne5 21. Nb3 Nxd3 22. a5 c4 23. Nd4 Re1+ 24. Rxe1 Nxe1 25. Ngf5 Bxf5 26. Nxf5 Nd3 27. Ne7+ Kf8 28. Nxd5 Nxb2 29. Ne3 g6 30. Kf1 Ke7 31. Ke2 Kd6 32. f4 Kc5 33. f5 Kb5 34. f6 Kxa5 35. Ng4 Nd3 36. Ke3 Kb5 37. Nh6 Ne5 38. Kd4 Nc6+ 39. Kd5 Nd8 40. Kd6 a5 41. Ke7 Nc6+ 42. Kxf7 a4 43. Ke8 Ne5 44. Ng4 Nf7 45. Kxf7 a3 46. Ne3 Ka4 47. Kg7 a2 48. Nc2 Kb3 49. Na1+ Kb2 50. f7 Kxa1 51. f8Q Kb2 52. Qb4+ Kc2 53. Qa3 Kb1 54. Qb4+ Kc2 55. Qa3 Kb1 56. Qb4+ Kc2 1/2-1/2

[Event "Goiania-ch"]
[Site "Goiania"]
[Date "2016.12.03"]
[Round "7"]
[White "De Paiva Filho, Luiz Americo"]
[Black "Garcia, Gabriel Gonzaga"]
[Result "0-1"]
[WhiteElo "1971"]
[BlackElo "2175"]
[PlyCount "116"]
[EventDate "2016.11.26"]
[EventType "tourn"]
[EventRounds "9"]
[EventCountry "BRA"]
[SourceTitle "EXT 2018"]
[Source "ChessBase"]
[SourceDate "2017.10.13"]
[SourceVersion "1"]
[SourceVersionDate "2017.10.13"]
[SourceQuality "1"]

1. e4 c6 2. Nc3 d5 3. d4 dxe4 4. Nxe4 Nf6 5. Nxf6+ exf6 6. Nf3 Bd6 7. Be2 0-0 8. 0-0 Bg4 9. h3 Bh5 10. c4 Re8 11. Re1 Nd7 12. Nh4 Bxe2 13. Rxe2 g6 14. Bh6 Qa5 15. Qe1 Qxe1+ 16. Raxe1 Rxe2 17. Rxe2 Rd8 18. g4 Bf8 19. Bxf8 Nxf8 20. Nf3 Ne6 21. Rd2 h5 22. gxh5 g5 23. Kg2 Kg7 24. Kg3 Kh6 25. d5 cxd5 26. Rxd5 Rc8 27. b3 Rc7 28. Rf5 Kxh5 29. Rxf6 Nc5 30. Rf5 Ne4+ 31. Kg2 f6 32. Rd5 Kg6 33. Rd3 Rc6 34. Re3 Nc5 35. b4 Ne6 36. Nd2 Nf4+ 37. Kg3 Rd6 38. Nf3 Rd7 39. h4 Nh5+ 40. Kh2 g4 41. Ne1 Rd2 42. Kg2 Nf4+ 43. Kg3 Kf5 44. Re7 Nh5+ 45. Kg2 g3 46. Re3 Rxf2+ 47. Kg1 Kg4 48. Ng2 Kh3 49. Ne1 Nf4 50. Nd3 Nxd3 51. Rxd3 Rc2 52. Rd1 f5 53. Rf1 f4 54. h5 f3 55. Rxf3 Rc1+ 56. Rf1 Rxf1+ 57. Kxf1 Kh2 58. h6 g2+ 0-1

[Event "Goiania-ch"]
[Site "Goiania"]
[Date "2016.11.26"]
[Round "2"]
[White "De Paiva Filho, Luiz Americo"]
[Black "Rosa, Paulo Estevao"]
[Result "1-0"]
[WhiteElo "1971"]
[BlackElo "1898"]
[PlyCount "99"]
[EventDate "2016.11.26"]
[EventType "tourn"]
[EventRounds "9"]
[EventCountry "BRA"]
[SourceTitle "EXT 2018"]
[Source "ChessBase"]
[SourceDate "2017.10.13"]
[SourceVersion "1"]
[SourceVersionDate "2017.10.13"]
[SourceQuality "1"]

1. e4 c6 2. d4 d5 3. Nc3 dxe4 4. Nxe4 Nd7 5. Nf3 Ngf6 6. Ng3 g6 7. Bd3 Bg7 8. 0-0 0-0 9. Re1 Nb6 10. h3 e6 11. c4 Qc7 12. Ne2 Nh5 13. Be3 Nd7 14. Rc1 c5 15. Nc3 cxd4 16. Bxd4 Bxd4 17. Nxd4 a6 18. Qc2 Ne5 19. Bf1 Bd7 20. Ne4 Bc6 21. Nxc6 Nxc6 22. g4 Qf4 23. gxh5 Nd4 24. Qc3 Nf3+ 25. Kg2 Nxe1+ 26. Rxe1 e5 27. Ng3 f6 28. Re3 Rad8 29. Rd3 e4 30. Rd5 f5 31. Qd4 Rxd5 32. Qxd5+ Rf7 33. c5 Kg7 34. Bc4 Rc7 35. b4 Kh6 36. hxg6 hxg6 37. Qd4 Qf3+ 38. Kg1 Qa3 39. Qd2+ Kg7 40. h4 Qa4 41. Bb3 Qe8 42. Qf4 Qc8 43. h5 a5 44. a3 axb4 45. axb4 Rc6 46. Qg5 Qd7 47. Ba4 e3 48. fxe3 Qd2 49. Bxc6 bxc6 50. Nxf5+ 1-0

[Event "Goiania Goias Cup"]
[Site "Goiania"]
[Date "2016.10.16"]
[Round "5"]
[White "De Paiva Filho, Luiz Americo"]
[Black "Diamant, Andre"]
[Result "0-1"]
[WhiteElo "1958"]
[BlackElo "2499"]
[PlyCount "96"]
[EventDate "2016.10.14"]
[EventType "swiss"]
[EventRounds "6"]
[EventCountry "BRA"]
[SourceTitle "CBM 175 Extra"]
[Source "ChessBase"]
[SourceDate "2016.12.12"]
[SourceVersion "1"]
[SourceVersionDate "2016.12.12"]
[SourceQuality "1"]

1. d4 Nf6 2. c4 g6 3. Qc2 Bg7 4. Bf4 0-0 5. Nf3 c5 6. e3 cxd4 7. exd4 d5 8. Nc3 Nc6 9. Rd1 Bf5 10. Qb3 Na5 11. Qa4 Nxc4 12. Bxc4 dxc4 13. Qxc4 Ne4 14. 0-0 Nxc3 15. bxc3 Rc8 16. Qb3 Qb6 17. Qa3 Rfe8 18. Rfe1 Bf8 19. Bd2 e6 20. Qa4 Qb2 21. Rc1 Qa3 22. Qb3 Qxb3 23. axb3 a6 24. h3 Ba3 25. c4 Bxc1 26. Rxc1 f6 27. Ba5 Be4 28. Nd2 Bc6 29. Re1 Kf7 30. f4 Re7 31. Kf2 Rd7 32. Bb6 a5 33. g3 Ra8 34. Ke3 Ra6 35. c5 a4 36. Ra1 Bb5 37. Ne4 axb3 38. Rb1 Bc4 39. Nd2 Bd5 40. Kd3 Ra2 41. Kc3 h6 42. g4 g5 43. fxg5 hxg5 44. Nxb3 Ra3 45. Kb4 Rxb3+ 46. Rxb3 Bxb3 47. c6 bxc6 48. Kxb3 Rb7 0-1

[Event "Goiania CXG U2200 op"]
[Site "Goiania"]
[Date "2016.07.02"]
[Round "3"]
[White "De Paiva Filho, Luiz Americo"]
[Black "Juliani, Sidney"]
[Result "0-1"]
[WhiteElo "1968"]
[BlackElo "1870"]
[PlyCount "130"]
[EventDate "2016.07.02"]
[EventType "swiss"]
[EventRounds "5"]
[EventCountry "BRA"]
[SourceTitle "CBM 173 Extra"]
[Source "ChessBase"]
[SourceDate "2016.08.29"]
[SourceVersion "1"]
[SourceVersionDate "2016.08.29"]
[SourceQuality "1"]

1. d4 Nf6 2. c4 g6 3. g3 Bg7 4. Bg2 d6 5. Nc3 0-0 6. e3 Nbd7 7. Nge2 c6 8. 0-0 e6 9. Qc2 d5 10. b3 b6 11. Bb2 Ba6 12. cxd5 cxd5 13. Rfd1 Rc8 14. Qd2 Nb8 15. Nf4 Nc6 16. b4 Bb7 17. Nd3 Ne8 18. Ba3 Nd6 19. Bb2 Nc4 20. Qe1 Nxb2 21. Nxb2 Nxb4 22. Rac1 Ba6 23. a3 Nc6 24. Rc2 Na5 25. Bf1 Bxf1 26. Qxf1 Qe7 27. Ra1 Rc7 28. Qd3 Rfc8 29. Ra2 Nc4 30. Nb5 Rc6 31. Nxc4 dxc4 32. Qe4 a6 33. Nc3 Qd7 34. Rd2 Rd6 35. f4 f5 36. Qb1 Qc6 37. Qd1 b5 38. Kf2 a5 39. Rab2 Rb8 40. Qb1 b4 41. axb4 axb4 42. Rxb4 Rxb4 43. Qxb4 Bf8 44. Qb1 Rd8 45. Rb2 Bd6 46. e4 Bc7 47. Ke3 Ba5 48. Qc2 Bxc3 49. Qxc3 Qxe4+ 50. Kf2 Rxd4 51. Rb8+ Kf7 52. Rh8 h5 53. Rh7+ Kg8 54. Ra7 e5 55. fxe5 Qxe5 56. Qb4 Qd5 57. Qb8+ Qd8 58. Qxd8+ Rxd8 59. Rc7 Rd2+ 60. Kg1 Rc2 61. h4 c3 62. Rc6 Kf7 63. Kh1 Rc1+ 64. Kg2 c2 65. Kf2 Rh1 0-1